TIME 100: Most Influential People (2020) - Statistics

General Stats
  • This quiz has been taken 64 times
  • The average score is 8 of 97
Answer Stats
Category Person Career % Correct
Leader Donald Trump President
88%
Leader Joe Biden President
86%
Artist Yo-Yo Ma Cellist
74%
Leader Angela Merkel Chancellor
67%
Leader Kamala Harris Vice President
64%
Leader Anthony Fauci Immunologist
48%
Leader Nancy Pelosi Speaker of the House
47%
Artist Michael B. Jordan Actor
36%
Leader Xi Jinping President
34%
Titan Lewis Hamilton Formula One Racer
24%
Leader William Barr Attorney General
24%
Titan Robert F. Smith CEO
22%
Leader Jair Bolsonaro President
21%
Leader John Roberts Supreme Court Justice
17%
Titan General Charles Q. Brown Jr. Four-Star General
12%
Pioneer Giannis Antetokounmpo NBA Player
12%
Pioneer Julie K. Brown Journalist
12%
Leader Narendra Modi Prime Minister
10%
Titan Tyler Perry Film Director
10%
Icon Naomi Osaka Tennis Player
7%
Pioneer Christina Koch / Jessica Meir Astronauts
5%
Artist Selena Gomez Pop Singer
5%
Leader Tsai Ing-wen President
5%
Leader Ursula von der Leyen Commission President
5%
Icon Chi Chia-wei Activist
3%
Artist J Balvin Reggaeton Singer
3%
Titan Jerome Powell Fed Chairman
3%
Pioneer Nathan Law Activist
3%
Titan Patrick Mahomes NFL Player
3%
Artist Ali Wong Stand-Up Comedian
2%
Artist Anaïs Mitchell Folk Singer
2%
Icon Angela Davis Activist
2%
Leader Anne Hidalgo Mayor
2%
Icon Bilkis Activist
2%
Icon David Hill Muscogee (Creek) Leader
2%
Artist Halsey Pop Singer
2%
Titan Mackenzie Scott Novelist
2%
Leader Tedros Adhanom Ghebreyesus Director General
2%
Pioneer Abubacarr Tambadou Lawyer
0%
Icon Ady Barkan Lawyer
0%
Icon Alicia Garza / Patrisse Cullors / Opal Tometi Activists
0%
Icon Allyson Felix Sprinter
0%
Icon Amy O'Sullivan Nurse
0%
Icon Arussi Unda Activist
0%
Artist Ayushmann Khurrana Actor
0%
Icon Billy Porter Actor/Singer
0%
Artist Bong Joon-ho Film Director
0%
Leader Bonnie Castillo Executive Director
0%
Leader Caesar Former Forensic Photographer
0%
Pioneer Camilla Rothe Doctor
0%
Pioneer Cecilia Martinez Environmentalist
0%
Pioneer Chase Strangio Lawyer
0%
Titan Claire Babineaux-Fontenot CEO
0%
Titan Daniel Zhang CEO
0%
Artist Dapper Dan Fashion Designer
0%
Titan Dwyane Wade NBA Player
0%
Titan Eric Yuan CEO
0%
Icon Felipe Neto Vlogger
0%
Pioneer Gabriela Cámara Chef
0%
Titan Gabrielle Union Actress
0%
Titan Greg Berlanti Television Writer
0%
Titan Gwynne Shotwell CEO
0%
Pioneer Ibram X. Kendi Author
0%
Leader Jean-Jacques Muyembe-Tamfum Microbiologist
0%
Artist Jennifer Hudson R&B Singer
0%
Leader Jeong Eun-Kyeong Scientist
0%
Artist JoJo Siwa Singer/Dancer
0%
Artist Julie Mehretu Visual Artist
0%
Titan Kristalina Georgieva Chair/Managing Director
0%
Artist LASTESIS Feminist Artistic Group
0%
Pioneer Lauren Gardner Sportscaster
0%
Icon Lina Attalah Journalist
0%
Titan Lisa Nishimura Netflix Executive
0%
Leader Mary Kay Henry Union President
0%
Pioneer Maya Moore WNBA Player
0%
Icon Megan Rapinoe Soccer Player
0%
Pioneer Megan Thee Stallion Rapper
0%
Artist Michaela Coel Actress
0%
Leader Nemonte Nenquimo Activist
0%
Icon Nury Turkel Lawyer
0%
Artist Phoebe Waller-Bridge Actress
0%
Pioneer Ravinda Gupta Clinical Microbiology Professor
0%
Pioneer Rebecca Gomperts Doctor
0%
Titan Shari Redstone Media Executive
0%
Pioneer Shiori Ito Journalist
0%
Pioneer Shi Zhengli Virologist
0%
Icon Sister Norma Pimentel Nun
0%
Titan Sundar Pichai CEO
0%
Artist The Weeknd R&B Singer
0%
Pioneer Tomi Adeyemi Novelist
0%
Titan Tony Elumelu Chairman
0%
Pioneer Tourmaline Filmmaker
0%
Titan Tunji Funsho Cardiologist
0%
Pioneer Waad Al-Kateab Journalist
0%
Leader Yousef Al Otaiba Ambassador
0%
Pioneer Zhang Yongzhen Scientist
0%
Titan Zhong Nanshan Pulmonologist
0%
No matching quizzes found
Score Distribution
Percent of People with Each Score
Percentile by Number Answered
Your Score History
You have not taken this quiz